Riadenie dopravy v meste pomocou neuroevolúcie
Saved in:
| Main Author: | |
|---|---|
| Other Authors: | |
| Format: | Manuscript Book |
| Language: | Slovak |
| Published: |
Bratislava :
STU v Bratislave FEI,
2024
|
| Subjects: | |
| Online Access: | https://opac.crzp.sk/?fn=detailBiblioFormChildI1ESVT&sid=DDCD2C6FBCAD481F284AC1B200E4&seo=CRZP-detail-kniha |
| Tags: |
No Tags, Be the first to tag this record!
|
MARC
| LEADER | 00000ntm a22000003a 4500 | ||
|---|---|---|---|
| 001 | stuzp96633 | ||
| 003 | SK-STU | ||
| 005 | 20250401133305.7 | ||
| 007 | ta | ||
| 008 | 150427s2015----xo-----f-mn---000-0-slo-d | ||
| 040 | |a STU |b slo | ||
| 041 | 0 | |a slo | |
| 044 | |a xo | ||
| 100 | 1 | |a Mizner, Martin |u 031000 |4 aut |U FEI Fakulta elektrotechniky a informatiky |T FEI Ústav robotiky a kybernetiky |X 115451 |U E011 |Y 356 |7 115451 | |
| 242 | 0 | 1 | |a Traffic Control in City using Neuroevolution |y eng |
| 245 | 1 | 0 | |a Riadenie dopravy v meste pomocou neuroevolúcie |
| 260 | |a Bratislava : |b STU v Bratislave FEI, |c 2024 | ||
| 300 | |a 98 s., príl. | ||
| 650 | 4 | |a riadenie premávky |2 slo | |
| 650 | 4 | |a umelá inteligencia |2 slo | |
| 650 | 4 | |a neuroevolúcia |2 slo | |
| 650 | 4 | |a neuro-evolution |2 eng | |
| 650 | 4 | |a artificial inteligence |2 eng | |
| 650 | 4 | |a traffic control |2 eng | |
| 700 | 1 | |a Sekaj, Ivan |u 031000 |k Z1 |4 ths |U FEI Fakulta elektrotechniky a informatiky |T FEI Ústav robotiky a kybernetiky |X 4946 |U E011 |Y 356 |7 A000004946 | |
| 856 | 4 | |u https://opac.crzp.sk/?fn=detailBiblioFormChildI1ESVT&sid=DDCD2C6FBCAD481F284AC1B200E4&seo=CRZP-detail-kniha | |